Academic discourse: new insights into evaluation
Guardat en:
| Autors principals: | , |
|---|---|
| Format: | Llibre |
| Idioma: | anglès |
| Publicat: |
Berna
Peter Lang AG
2004
|
| Col·lecció: | Linguistic Insights. Studies in Language and Communication, 15
|
| Matèries: | |
| Etiquetes: |
Afegir etiqueta
Sense etiquetes, Sigues el primer a etiquetar aquest registre!
|
MARC
| LEADER | 00000nam a2200000 a 4500 | ||
|---|---|---|---|
| 001 | UCK5175 | ||
| 003 | CL-VaPUC | ||
| 008 | 050715e20040000SZ |||||||||||||||||eng|d | ||
| 020 | |a 3039103539 | ||
| 082 | 0 | 4 | |a 302.2244 |b DEL |2 21 |
| 100 | 0 | |a Del Lungo Camiciotti, Gabriella |e author |9 493854 | |
| 700 | 0 | |a Tognini Bonelli, Elena |e author |9 493855 | |
| 245 | 1 | 0 | |a Academic discourse: new insights into evaluation |
| 300 | |a 234 p | ||
| 942 | |c BK | ||
| 945 | |d 20050715 00:00:00 |a cmena | ||
| 260 | |a Berna |b Peter Lang AG |c 2004 | ||
| 650 | 0 | |a Retórica |9 266620 | |
| 650 | 0 | |a Análisis del discurso |9 256696 | |
| 650 | 0 | |a Lenguaje hablado |9 339599 | |
| 650 | 0 | |a Discursos |9 265028 | |
| 650 | 0 | |a Métodos de enseñanza |9 270413 | |
| 583 | |a last modification |c 20050715 00:00:00 |k Rodrigo Vera | ||
| 490 | 0 | |a Linguistic Insights. Studies in Language and Communication, 15 | |
| 999 | |c 313809 |d 313807 | ||
| 952 | |0 0 |1 0 |4 0 |6 302_224400000000000_DEL_2004 |7 0 |8 A |9 385415 |a FDOPOS |b FDOPOS |d 2019-11-22 |i 4146603 |o 302.2244 DEL 2004 |p 4146603 |r 2025-01-22 |w 2019-11-22 |y BK |k MLA | ||
| 952 | |0 0 |1 0 |4 0 |6 302_224400000000000_DEL_2004 |7 0 |8 A |9 385416 |a FDOPOS |b FDOPOS |d 2019-11-22 |i 4215478 |o 302.2244 DEL 2004 |p 4215478 |r 2025-01-22 |w 2019-11-22 |y BK |k MLA | ||
| 952 | |0 0 |1 0 |4 0 |6 302_224400000000000_DEL_2004 |7 0 |8 A |9 385417 |a FDOPOS |b FDOPOS |d 2019-11-22 |i 4259165 |o 302.2244 DEL 2004 |p 4259165 |r 2025-01-22 |w 2019-11-22 |y BK |k MLA | ||